000 00953nam a2200193 i 4500
001 183435
003 ES-MaACL
005 20230906221907.0
008 140422s1886 it |||| | ita d
100 1 _aBrunialti, Attilio.
_932183
245 1 3 _aIl Governo parlamentare in Inghilterra ed in Italia
_b: prefazione /
_cA. Brunialti. Il Governo parlamentare in Inghilterra / A. Todd.
260 _aTorino :
_bUnione Tipografico-Editrice,
_c1886.
300 _aXCIX, 1341 p. ;
_c24 cm.
490 1 _aBiblioteca di scienze politiche: scelta collezione delle più importanti opere moderne italiane e straniere di scienze politiche / diretta da Attilio Brunialti ;
_v3
700 1 _aTodd, Alpheus.
_9133281
830 0 _aBiblioteca di scienze politiche: scelta collezione delle più importanti opere moderne italiane e straniere di scienze politiche / diretta da Attilio Brunialti ;
_v3
_9191986
852 _aES-MaACL
_jB-9315
999 _c183435
_d183435